000 00426nam a2200133Ia 4500
008 100328s9999 xx 000 0 und d
082 _b33668
100 _aहरकारे अरुण.
245 _aकशासाठी पैशासाठी
260 _bरावजी
630 _aकशासाठी पैशासाठी
730 _aकशासाठी पैशासाठी
942 _cBOOK
999 _c524031
_d524028